| 000 | 01293cam a22002295a 4500 | ||
|---|---|---|---|
| 001 | L159346 | ||
| 008 | 161007s2004 xxk f 001 0 eng d | ||
| 020 | _a0728204479 | ||
| 035 | _a(Sirsi) u159346 | ||
| 041 | 0 | _aeng | |
| 100 | 1 | _aMelville, Ian | |
| 245 | 0 | 0 |
_aInspections and reports on dwellings _bassessing age |
| 250 | _a1st ed | ||
| 260 |
_aLondon _bEG Books _c2004 |
||
| 260 |
_aLondon _bEstates Gazette _c2004 |
||
| 300 |
_a233p. _bill. _c25cm. |
||
| 520 | _aFocuses on age assessment, a key factor used in surveying buildings, carriying out valuations, calculating reinstatement costs and building defects. Broken down into 13 age bands, spanning the periods pre 1670 through to post 2000 with colour photographs of examples dwellings for each period. Each age band includes a commentary highlighting the social, economic and technical circumstances of the time. An overview of the photographs draws attention to the particular features, which help to place a dwelling within one of the defined periods. The wide range of dwellings covered should provide the necessary assistance towards identifying the age of a dwelling in any part of the UK. Bibliography. | ||
| 651 | 4 |
_aUnited Kingdom _y |
|
| 690 |
_aResidential property _96266 |
||
| 700 | 1 | _aGordon, Ian A. | |
| 942 | _n0 | ||
| 999 |
_c115822 _d115822 |
||